<?xml version="1.0" encoding="UTF-8"?>
<record
    xmlns:xsi="http://www.w3.org/2001/XMLSchema-instance"
    xsi:schemaLocation="http://www.loc.gov/MARC21/slim http://www.loc.gov/standards/marcxml/schema/MARC21slim.xsd"
    xmlns="http://www.loc.gov/MARC21/slim">

  <leader>00376nam a2200145Ia 4500</leader>
  <controlfield tag="008">150201s2005    xx            000 0 und d</controlfield>
  <datafield tag="082" ind1=" " ind2=" ">
    <subfield code="a">610</subfield>
    <subfield code="b">T2005H</subfield>
  </datafield>
  <datafield tag="100" ind1=" " ind2=" ">
    <subfield code="a">HIRA, HARMANJEET S.</subfield>
  </datafield>
  <datafield tag="245" ind1=" " ind2=" ">
    <subfield code="a">TEXT BOOK OF GENERAL MEDICINE FOR DENTAL STUDENTS</subfield>
  </datafield>
  <datafield tag="250" ind1=" " ind2=" ">
    <subfield code="a">1ST</subfield>
  </datafield>
  <datafield tag="260" ind1=" " ind2=" ">
    <subfield code="b">ARYA PUBLICATION</subfield>
    <subfield code="a">DELHI</subfield>
    <subfield code="c">2005</subfield>
  </datafield>
  <datafield tag="300" ind1=" " ind2=" ">
    <subfield code="a">1-670</subfield>
  </datafield>
  <datafield tag="650" ind1=" " ind2=" ">
    <subfield code="a">MEDICINE</subfield>
  </datafield>
  <datafield tag="942" ind1=" " ind2=" ">
    <subfield code="2">ddc</subfield>
    <subfield code="c">BK</subfield>
    <subfield code="0">4</subfield>
  </datafield>
  <datafield tag="952" ind1=" " ind2=" ">
    <subfield code="0">0</subfield>
    <subfield code="1">0</subfield>
    <subfield code="2">ddc</subfield>
    <subfield code="4">0</subfield>
    <subfield code="7">0</subfield>
    <subfield code="a">FD</subfield>
    <subfield code="b">FD</subfield>
    <subfield code="d">2006-01-03</subfield>
    <subfield code="e">U.B.S.DELHI</subfield>
    <subfield code="g">425.00</subfield>
    <subfield code="h">1</subfield>
    <subfield code="i">SGTU</subfield>
    <subfield code="l">2</subfield>
    <subfield code="o">610 T2005H</subfield>
    <subfield code="p">FD3626</subfield>
    <subfield code="r">2025-04-08 00:00:00</subfield>
    <subfield code="s">2025-04-08</subfield>
    <subfield code="w">2012-06-07</subfield>
    <subfield code="y">BK</subfield>
    <subfield code="k">825/838</subfield>
  </datafield>
  <datafield tag="952" ind1=" " ind2=" ">
    <subfield code="0">0</subfield>
    <subfield code="1">0</subfield>
    <subfield code="2">ddc</subfield>
    <subfield code="4">0</subfield>
    <subfield code="7">0</subfield>
    <subfield code="a">FD</subfield>
    <subfield code="b">FD</subfield>
    <subfield code="d">2006-01-03</subfield>
    <subfield code="e">U.B.S.DELHI</subfield>
    <subfield code="g">425.00</subfield>
    <subfield code="h">1</subfield>
    <subfield code="i">SGTU</subfield>
    <subfield code="l">0</subfield>
    <subfield code="o">610 T2005H</subfield>
    <subfield code="p">FD3627</subfield>
    <subfield code="r">2015-02-09 00:00:00</subfield>
    <subfield code="w">2012-06-07</subfield>
    <subfield code="y">BK</subfield>
    <subfield code="k">825/838</subfield>
  </datafield>
  <datafield tag="952" ind1=" " ind2=" ">
    <subfield code="0">0</subfield>
    <subfield code="1">0</subfield>
    <subfield code="2">ddc</subfield>
    <subfield code="4">0</subfield>
    <subfield code="7">0</subfield>
    <subfield code="a">FD</subfield>
    <subfield code="b">FD</subfield>
    <subfield code="d">2006-01-03</subfield>
    <subfield code="e">U.B.S.DELHI</subfield>
    <subfield code="g">425.00</subfield>
    <subfield code="h">1</subfield>
    <subfield code="i">SGTU</subfield>
    <subfield code="l">2</subfield>
    <subfield code="o">610 T2005H</subfield>
    <subfield code="p">FD3628</subfield>
    <subfield code="r">2025-03-28 00:00:00</subfield>
    <subfield code="s">2025-03-21</subfield>
    <subfield code="w">2012-06-07</subfield>
    <subfield code="y">BK</subfield>
    <subfield code="k">825/838</subfield>
  </datafield>
  <datafield tag="952" ind1=" " ind2=" ">
    <subfield code="0">0</subfield>
    <subfield code="1">0</subfield>
    <subfield code="2">ddc</subfield>
    <subfield code="4">0</subfield>
    <subfield code="7">0</subfield>
    <subfield code="a">FD</subfield>
    <subfield code="b">FD</subfield>
    <subfield code="d">2006-01-03</subfield>
    <subfield code="e">U.B.S.DELHI</subfield>
    <subfield code="g">425.00</subfield>
    <subfield code="h">1</subfield>
    <subfield code="i">SGTU</subfield>
    <subfield code="l">1</subfield>
    <subfield code="o">610 T2005H</subfield>
    <subfield code="p">FD3629</subfield>
    <subfield code="r">2022-06-24 00:00:00</subfield>
    <subfield code="s">2022-06-01</subfield>
    <subfield code="w">2012-06-07</subfield>
    <subfield code="y">BK</subfield>
    <subfield code="k">825/838</subfield>
  </datafield>
  <datafield tag="952" ind1=" " ind2=" ">
    <subfield code="0">0</subfield>
    <subfield code="1">0</subfield>
    <subfield code="2">ddc</subfield>
    <subfield code="4">0</subfield>
    <subfield code="7">0</subfield>
    <subfield code="a">FD</subfield>
    <subfield code="b">FD</subfield>
    <subfield code="d">2006-01-03</subfield>
    <subfield code="e">U.B.S.DELHI</subfield>
    <subfield code="g">425.00</subfield>
    <subfield code="h">1</subfield>
    <subfield code="i">SGTU</subfield>
    <subfield code="l">2</subfield>
    <subfield code="o">610 T2005H</subfield>
    <subfield code="p">FD3630</subfield>
    <subfield code="r">2020-03-13 00:00:00</subfield>
    <subfield code="s">2020-02-28</subfield>
    <subfield code="w">2012-06-07</subfield>
    <subfield code="y">BK</subfield>
    <subfield code="k">825/838</subfield>
  </datafield>
  <datafield tag="999" ind1=" " ind2=" ">
    <subfield code="c">3351</subfield>
    <subfield code="d">3351</subfield>
  </datafield>
</record>
